000 00526nmm a2200157Ia 4500
008 251105s9999||||xx |||||||||||||||||und||
020 _a9789587810868
041 _aspa
100 _aEljaiek-Rodríguez, Gabriel
245 0 _aSelva de fantasmas: el gótico en la literatura y el cine latinoamericanos
264 _a[Bogotá, Colombia] :
_bEditorial Pontificia Universidad Javeriana,
_c2017
300 _a224 páginas
650 _aArts in general
856 _uhttps://public.digitaliapublishing.com/a/56162
942 _cCF
999 _c96301
_d96301